Japanese economic performance

Kaydedildi:
Detaylı Bibliyografya
Yazar: Maddison, Angus
Materyal Türü: Kitap
Dil:Undetermined
Baskı/Yayın Bilgisi: Rome Banca nazionale del Lavoro 1965
Konular:
Etiketler: Etiketle
Etiket eklenmemiş, İlk siz ekleyin!
Thư viện lưu trữ: Trung tâm Học liệu Trường Đại học Cần Thơ
LEADER 00456nam a2200169Ia 4500
001 CTU_79432
008 210402s9999 xx 000 0 und d
082 |a 330.9 
082 |b M179 
100 |a Maddison, Angus 
245 0 |a Japanese economic performance 
245 0 |c Angus Maddison 
260 |a Rome 
260 |b Banca nazionale del Lavoro 
260 |c 1965 
650 |a Economic condition 
980 |a Trung tâm Học liệu Trường Đại học Cần Thơ